One In Two - Countries - Population - Statistics

General Stats
  • This quiz has been taken 21 times
  • The average score is 8 of 15
Answer Stats
Question Answer % Correct
Select the country that has a higher population. Taiwan
89%
Select the country that has a higher population. Columbia
79%
Select the country that has a higher population. Indonesia
74%
Select the country that has a higher population. Senegal
68%
Select the country that has a higher population. Cote D'Ivoire
58%
Select the country that has a higher population. Honduras
58%
Select the country that has a higher population. Kiribati
58%
Select the country that has a higher population. Qatar
58%
Select the country that has a higher population. Zambia
53%
Select the country that has a higher population. Azerbaijan
47%
Select the country that has a higher population. Monaco
42%
Select the country that has a higher population. Mali
37%
Select the country that has a higher population. Timor-Leste
37%
Select the country that has a higher population. Morocco
32%
Select the country that has a higher population. Maldives
26%
No matching quizzes found
Score Distribution
Percent of People with Each Score
Percentile by Number Answered
Your Score History
You have not taken this quiz